V Liptovskom Mikuláši začal investičný boom

Bibliographic Details
Main Authors: Matejovič, Róbert, 1967- (Author, Interviewer), Blcháč, Ján, 1959- (Author)
Format: Article
Language:Slovak
PhysicalDescription:Fotogr.
ISSN:1335-9959
Subjects:

MARC

LEADER 00000nab a2200000 ar4500
001 vtls009284520
003 SK-MaSNL
005 20260304024037.0
008 080411|2008 xo ||||||||||||00 b|slo
015 |a SNBRB2008/04  |2 snkbucl 
038 |a SNKBUCL 
040 |a SNKBUCL  |b slo  |e AACR2  |c SNKBUCL 
041 0 |a slo 
044 |a xo  |c SK 
080 |a 352:32  |x (437.6)  |2 2001 
080 |a 332.133.6  |x (437.6)  |2 2001 
080 |a 338.48  |x (437.6)  |2 2001 
100 1 |a Matejovič, Róbert,  |d 1967-  |4 aut  |4 ivr  |9 9938 
245 1 0 |a V Liptovskom Mikuláši začal investičný boom  |c Róbert Matejovič, Ján Blcháč 
300 |b Fotogr. 
600 1 7 |a Blcháč, Ján,  |d 1959-  |2 snkbucl  |9 113102 
650 0 7 |a komunálna politika  |2 snkbucl  |9 85549 
650 0 7 |a priemyselné parky  |2 snkbucl  |9 29007 
650 0 7 |a cestovný ruch  |2 snkbucl  |9 999 
650 0 7 |a projekty  |2 snkbucl  |9 18866 
651 7 |a Liptovský Mikuláš (Slovensko)  |2 snkbucl  |9 36847 
655 7 |a rozhovory  |2 snkbucl  |9 31831 
700 1 |a Blcháč, Ján,  |d 1959-  |4 aut  |4 ive  |9 113102 
773 0 |t Dimenzie  |g Roč. VIII., č. 3 (2008), s. 6-12  |x 1335-9959 
852 |a SNK  |b KIS3GCP 
999 |c 2619621  |d 2621551